Financial markets and institutions: global edition. (7th ed.) (Record no. 43409)

MARC details
000 -LEADER
fixed length control field 00771nam a2200193 a 4500
008 - FIXED-LENGTH DATA ELEMENTS--GENERAL INFORMATION
fixed length control field 130424s2012 ||||||||||||||||| || u
020 ## - INTERNATIONAL STANDARD BOOK NUMBER
International Standard Book Number 9780273754442
050 ## - LIBRARY OF CONGRESS CALL NUMBER
Classification number HG 181 MIS
100 ## - MAIN ENTRY--PERSONAL NAME
Personal name Mishkin, Frederic S
245 10 - TITLE STATEMENT
Title Financial markets and institutions: global edition. (7th ed.)
Statement of responsibility, etc. by Frederic S. Mishkin and Stanley G. Eakins
250 ## - EDITION STATEMENT
Edition statement 7th ed.
260 ## - PUBLICATION, DISTRIBUTION, ETC.
Place of publication, distribution, etc. Boston:
Name of publisher, distributor, etc. Pearson Education, Inc
Date of publication, distribution, etc. 2012
300 ## - PHYSICAL DESCRIPTION
Extent 663p. : ill.
650 ## - SUBJECT ADDED ENTRY--TOPICAL TERM
Topical term or geographic name entry element MONEY MARKET--UNITED STATES
650 ## - SUBJECT ADDED ENTRY--TOPICAL TERM
Topical term or geographic name entry element CAPITAL MARKETS--UNITED STATES
650 ## - SUBJECT ADDED ENTRY--TOPICAL TERM
Topical term or geographic name entry element FINANCIAL INSTITUTIONS--UNITED STATES
700 ## - ADDED ENTRY--PERSONAL NAME
Personal name Eakins, Stanley G
995 ## - RECOMMENDATION 995 [LOCAL, UNIMARC FRANCE]
-- CBU-MAIN LIBRARY (Kitwe)
-- 1
-- AVAILABLE
-- May 23, 2013
-- Main Library Open Access Collection
Holdings
Withdrawn status Lost status Source of classification or shelving scheme Damaged status Not for loan Home library Current library Shelving location Date acquired Total Checkouts Full call number Barcode Date last seen Price effective from Koha item type
          CBU-MAIN LIBRARY, KITWE. CBU-MAIN LIBRARY, KITWE.   11/30/2022   HG 181 MIS 743858 11/30/2022 11/30/2022 MONOGRAPH